Matematikai, fizikai és kémiai táblázatok : az általános müveltséget nyújtó középkiskolák 1 - 3 évf. számára /

Uložené v:
Podrobná bibliografia
Hlavný autor: Hruša, Karel, 1905-1971 (Author)
Ďalší autori: Valouch, Miloslav A., 1903-1976
Médium: Kniha
Jazyk:Hungarian
Czech
Vydané: Bratislava : Slovenské pedagogické nakladateľstvo, 1962.
Vydanie:1. kiad.
ISBN: (viaz.)
Fyzický popis: 78 s.
Tagy: Pridať tag
Žiadne tagy, Buďte prvý kto otaguje tento záznam!

MARC

LEADER 00000nam a22000004a 4500
001 000463581
005 20150411113855.0
008 150411s1962 xo e 000 0 hun d
020 |a (viaz.)  |c Kčs 7,00 
040 |a SVKKK  |b slo  |c SVKKK  |e AACR2 
041 1 |a hun  |h cze 
044 |a xo  |c SK 
100 1 |a Hruša, Karel,  |d 1905-1971  |4 aut 
245 0 0 |a Matematikai, fizikai és kémiai táblázatok :  |b az általános müveltséget nyújtó középkiskolák 1 - 3 évf. számára /  |c Karel Hruša, Miloslav A.Valouch. 
250 |a 1. kiad. 
260 |a Bratislava :  |b Slovenské pedagogické nakladateľstvo,  |c 1962. 
300 |a 78 s. 
700 1 |a Valouch, Miloslav A.,  |d 1903-1976 
910 |a svkkk 
998 |a BK 
090 |g SCKHL  |k Sklad Pribinova 1. posch.  |a IV.27017  |j 284272  |i 463581-10  |s Absenčne